Two sciences of mind: readings in cognitive science and consciousness

Na minha lista:
Detalhes bibliográficos
Autor principal: Nualláin, Seán O. (Author)
Formato: Livro
Idioma:inglês
Publicado em: Amsterdam John Benjamins 1997
Colecção:Advances in Consciousness Research, 9
Assuntos:
Tags: Adicionar Tag
Sem tags, seja o primeiro a adicionar uma tag!

MARC

LEADER 00000nam a2200000 a 4500
001 UCO5189
003 CL-VaPUC
008 000825e19970000NE |||||||||||||||||eng|d
082 0 4 |a 153  |b NUA  |2 21 
100 |a Nualláin, Seán O.  |e author  |9 449961 
245 1 0 |a Two sciences of mind: readings in cognitive science and consciousness 
300 |a 498 p 
942 |c BK 
945 |d 20000825 00:00:00  |a vberengu 
260 |a Amsterdam  |b John Benjamins  |c 1997 
650 7 |a CIENCIA COGNITIVA  |2 CL-VaPUC  |9 324284 
650 0 |a Conciencia  |9 309452 
650 0 |a Epistemología   |9 264994 
583 |a last modification  |c 20000825 00:00:00  |k Rodrigo Vera 
490 0 |a Advances in Consciousness Research, 9 
999 |c 291135  |d 291133 
952 |0 0  |1 0  |4 0  |6 153_000000000000000_NUA_1997  |7 0  |8 A  |9 340830  |a FDOPOS  |b FDOPOS  |d 2019-11-20  |i 3642534  |o 153 NUA 1997  |p 3642534  |r 2025-01-22  |w 2019-11-20  |y BK  |k MLA